• 首页
  • 本馆介绍
  • 公告通知
  • 最新文献
  • 馆藏检索
  • 电子资源
  • 读者导购
  • 参考咨询
  • 我的图书馆
  • 登录
  • 详细信息显示
  • 放入我的书架
  • 预约/预借图书
  • 作者相关作品
  • 分类相关作品
  • 丛书相关作品
  • 出版社相关作品

书目信息

  • 表格格式
  • 工作单格式
  • 卡片格式
书名: Nelson English language tests
作者: By Norman Coe.
分册号:
分册名:
出版地: Victoria :
 
出版社: Thomas nelson Australia Pty Ltd
出版时间: 1976.
页数: 59 p. ;
开本: 26cm.
丛书名:
中图分类号:
科图分类号:
其他分类号: H31
主题词:
电子资源:
000 00784nam 2200229 a 4500
001 E0752032156
005 20070210165512.43
008 uu
020    @cCNY0.46.
040    @aNLC
049    @aN5LA
090    @a2-85/H319.4/F78T///////*972987
090    @aH31
096    @aH319.4 @v2
099    @dH31@ex153(+)
100 1  @aFowler, W. S.
245 10 @aNelson English language tests :@bteachers' book / @cBy Norman Coe.
260    @aVictoria :@bThomas nelson Australia Pty Ltd.,@c1976.
300    @a59 p. ;@c26cm.
500    @aRep. 1981.
700 1  @aCoe, Norman. @ejt. auth. @b00 @c20020930 @lNLC09 @h2244 @b00 @c20021016 @lNLC09 @h0122 @lNLC09 @h2231 @lNLC09 @h1823 @b01 @c20040817 @lNLC09 @h1604 @b01 @c20040817 @lNLC09 @h1604
852 9  @bWWJC @cJ08N @k2-85 @hH319.4 @iF78T
    
    Nelson English language tests : : teachers' book / / By Norman Coe.-Victoria : : Thomas nelson Australia Pty Ltd., , 1976.
    59 p. ; ; 26cm.
    Rep. 1981.
    
    ISBN CNY0.46.
    
●
相关链接 在E读中查询图书 在五车中查询图书 在当当中查询图书 在豆瓣中查询图书


正题名:Nelson English language tests     索取号:H31/x153(+)         预约/预借

序号 登录号 条形码 馆藏地/架位号 状态 备注
1 115117   001034981   第四借阅区/ [索取号:H31/x153(+)] 在馆    
2 115118   001034945   第四借阅区/ [索取号:H31/x153(+)] 在馆    
3 115119   001034892   第二样本阅览室/ [索取号:H31/x153(+)] 在馆    
4 116442   001035276   第四借阅区/ [索取号:H31/x153(+)] 在馆    
5 73473   001035301   第四借阅区/ [索取号:H31/x153(+)] 在馆    
6 73742   001035347   第四借阅区/ [索取号:H31/x153(+)] 在馆    
唐山师范学院图书馆 欢迎您!
大连网信软件有限公司© 版权所有